Các quá trình cơ bản tổng hợp hữu cơ

Αποθηκεύτηκε σε:
Λεπτομέρειες βιβλιογραφικής εγγραφής
Κύριος συγγραφέας: Phan, Đình Châu
Μορφή: Βιβλίο
Γλώσσα:Vietnamese
Έκδοση: Khoa học và Kỹ thuật 2008
Ετικέτες: Προσθήκη ετικέτας
Δεν υπάρχουν, Καταχωρήστε ετικέτα πρώτοι!
Thư viện lưu trữ: Mạng thư viện Đại học Đà Nẵng
LEADER 00651nam a2200253 4500
001 000021825
003 18273
005 20150423140440.0
008 150423s2008 viesd
020 |c 58000 
041 0 |a vie 
082 1 4 |a 547  |b PH-C 
100 1 |a Phan, Đình Châu 
245 1 0 |a Các quá trình cơ bản tổng hợp hữu cơ  |c Phan Đình Châu 
260 |b Khoa học và Kỹ thuật  |c 2008 
300 |a tr.  |c cm. 
OWN |a LSP 
999 |a From the UDN01 
TYP |a Monograph 
TYP |a Printed language 
980 |a Mạng thư viện Đại học Đà Nẵng